Анализ современных технологий интенсификации газоотдачи угольных пластов; Проблемы геологии и освоения недр

Bibliographische Detailangaben
Parent link:Проблемы геологии и освоения недр.— 2008.— С. 467-468
1. Verfasser: Мусинов П. Г.
Weitere Verfasser: Ильина Г. Ф. (научный руководитель)
Sprache:Russisch
Veröffentlicht: 2008
Schlagworte:
Format: MixedMaterials Buchkapitel
KOHA link:https://koha.lib.tpu.ru/cgi-bin/koha/opac-detail.pl?biblionumber=178711

MARC

LEADER 00000naa2a2200000 4500
001 178711
005 20231031170015.0
035 |a (RuTPU)RU\TPU\book\193723 
090 |a 178711 
100 |a 20100408d2008 k y0rusy50 ca 
101 0 |a rus 
102 |a RU 
200 1 |a Анализ современных технологий интенсификации газоотдачи угольных пластов  |f П. Г. Мусинов  |g науч. рук. Г. Ф. Ильина 
320 |a Библиогр.: 5 назв. 
463 0 |0 (RuTPU)RU\TPU\book\164908  |y 5-89503-079-3  |t Проблемы геологии и освоения недр  |o труды XII Международного симпозиума имени академика М. А. Усова студентов и молодых ученых, посвященного 100-летию первого выпуска горных инженеров в Сибири и 90-летию создания Сибгеолкома в России  |f Томский политехнический университет (ТПУ), Институт геологии и нефтегазового дела (ИГНД)  |v С. 467-468  |d 2008  |p 944 с. 
610 1 |a уголь 
610 1 |a пласты 
610 1 |a газоотдача 
610 1 |a технологии 
610 1 |a интенсификация 
610 1 |a метан 
610 1 |a добыча 
610 1 |a технологии кавитации 
610 1 |a гидроразрыв 
610 1 |a труды учёных ТПУ 
700 1 |a Мусинов  |b П. Г. 
702 1 |a Ильина  |b Г. Ф.  |4 727 
801 1 |a RU  |b 63413507  |c 20100408 
942 |c BK